Black Country, New Road - Concorde lyrics - Statistics

General Stats
  • This quiz has been taken 62 times
  • The average score is 186 of 238
Answer Stats
Answer % Correct
Concorde
100%
I
100%
a
98%
the
98%
you
98%
an
95%
and
95%
And
95%
do
95%
to
95%
of
93%
this
93%
your
93%
can
91%
for
91%
was
91%
we
91%
don't
88%
gentle
88%
every
86%
just
86%
like
86%
look
86%
me
86%
mountain
86%
on
86%
I'm
84%
my
84%
or
84%
upon
84%
winter
84%
hill
81%
light
81%
racer
81%
'til
81%
breathless
79%
came
79%
hardly
79%
miss
79%
new
79%
old
79%
organ
79%
second
79%
so
79%
summer
79%
are
77%
out
77%
said
77%
text
77%
doctor
74%
it
74%
one
74%
running
74%
tell
74%
tell?
74%
treat
74%
afford
72%
by
72%
formin'
72%
funny
72%
love
72%
options
72%
speak
72%
splinters
72%
way
72%
morning
70%
time
70%
what
70%
can't
67%
fell
67%
grown
67%
some
67%
unfortunately
67%
will
67%
you're
67%
darlin'
65%
feet
65%
fly
65%
free
65%
leads
65%
night
65%
persistent
65%
pictures
65%
be
63%
dead
63%
die
63%
most
63%
only
63%
starvin'
63%
that
63%
there
63%
blue
60%
made
60%
staircase
60%
then
60%
twitching
60%
'cause
58%
hungry
58%
Isaac
58%
long
58%
mile
58%
myself
58%
now
58%
sleeper
58%
suffer
58%
thousand
58%
we're
58%
child
56%
lightsaber
56%
wield
56%
as
53%
boy
53%
But
53%
city
53%
come
53%
share
53%
well
53%
you'll
53%
Atkins
51%
inside
51%
it's
51%
know
51%
same
51%
table
51%
through
51%
what's
51%
heard
49%
moment
49%
sandman
49%
tube
49%
laid
47%
I'll
44%
than
44%
less
42%
place
42%
our
37%
we'd
37%
dark
35%
hey
35%
led
35%
sky
33%
No matching quizzes found
Score Distribution
Percent of People with Each Score
Percentile by Number Answered
Your Score History
You have not taken this quiz